000 00421nam a2200145 a 4500
005 20140412111321.0
008 001219s19uu xx 00 eng d
050 _aER
_bCo83 1988
100 _aDee, Carolyn
245 _aCount the puppies /
_cBy Carolyn Dee ; illustrated by Ted Enik.
260 _aNew York :
_bCheckboard Press New York,
_c1988.
300 _a1 v. (unp.) ; ill.
650 _aCounting
999 _c104382
_d104382